| 000 | 00590nam a22001817a 4500 | ||
|---|---|---|---|
| 999 |
_c187556 _d187556 |
||
| 005 | 20220422170935.0 | ||
| 010 | _aENG-132364 | ||
| 020 |
_a9788193362518 _c795.00 |
||
| 035 | _aEN-115896 | ||
| 037 | _bDBAD/PUB | ||
| 082 |
_a880.4 _b1 |
||
| 100 | _aChakraborty, Anasuya | ||
| 245 |
_aAfro American Literature/ _cAnasuya Chakraborty |
||
| 260 |
_aKolkata _bBAK CHAKRA PUBLISHING HOUSE |
||
| 270 |
_a9A , GARIAHAT ROAD , (SOUTH ) MRINALINI APARTMENT , FLAT NO. A 4 _bKOLKATA _e700068 |
||
| 300 |
_a 334p. _c22 cm(pbk) _bAcknowledgement |
||
| 942 |
_2ddc _cEN _h880.4 _mCHA |
||